Информация о зарубежной технике. 1959, №16: Определение динамических характеристик замкнутой системы по записям сигналов в условиях нормальной работы (Запись № 1830559)

Подробности
000 -МАРКЕР
контрольное поле 01754nam2a22002531 4500
001 - ИДЕНТИФИКАТОР ЗАПИСИ
контрольное поле RU\NLR\INFOCOMM20\5000037337
005 - ИДЕНТИФИКАТОР ВЕРСИИ
контрольное поле 20250617032403.0
035 ## - ДРУГИЕ СИСТЕМНЫЕ НОМЕРА
Идентификатор записи (NLR Aleph) 002412687
100 ## - ДАННЫЕ ОБЩЕЙ ОБРАБОТКИ
Данные общей обработки 20050202d1959 |||y0rusy50 ca
101 0# - ЯЗЫК РЕСУРСА
Язык текста, звукозаписи и т.д. русский
102 ## - СТРАНА ПУБЛИКАЦИИ ИЛИ ПРОИЗВОДСТВА
Страна публикации российская федерация
105 ## - ПОЛЕ КОДИРОВАННЫХ ДАННЫХ: ТЕКСТОВЫЕ МАТЕРИАЛЫ, МОНОГРАФИЧЕСКИЕ
Кодированные данные о монографическом текстовом документе y ||||000|y
200 1# - ЗАГЛАВИЕ И СВЕДЕНИЯ ОБ ОТВЕТСТВЕННОСТИ
Основное заглавие Определение динамических характеристик замкнутой системы по записям сигналов в условиях нормальной работы
Первые сведения об ответственности Р.А. Вудров
210 ## - ПУБЛИКАЦИЯ, РАСПРОСТРАНЕНИЕ И ДР.
Дата издания, распространения и т.д. 1959
Место издания, распространения и т.д. Б. м.
461 #0 - УРОВЕНЬ НАБОРА
Встроенное поле 001RU\NLR\INFOCOMM20\5000036952
-- 2001#$aИнформация о зарубежной технике$fГлавниипроект при Госплане СССР. Центр. науч.-исслед. ин-т комплексной автоматизации. Центр. бюро техн. информации приборостроения и средств автоматизации$v1959, №16
Системный номер (АБИС) связанной записи 1823676
Автор Центральное бюро технической информации приборостроения и средств автоматизации (Москва)
Место публикации М.
Дата публикации 1958-1960
Первые сведения об ответственности Главниипроект при Госплане СССР. Центр. науч.-исслед. ин-т комплексной автоматизации. Центр. бюро техн. информации приборостроения и средств автоматизации
Заглавие Информация о зарубежной технике
Номер тома 1959, №16
700 #1 - ИМЯ ЛИЦА - ПЕРВИЧНАЯ ОТВЕТСТВЕННОСТЬ
Начальный элемент ввода Вудров
Часть имени, кроме начального элемента ввода Р.А.
Код отношения Автор
801 #1 - ИСТОЧНИК ЗАПИСИ
Страна российская федерация
Организация InfoComm
Дата составления 20050205
801 #0 - ИСТОЧНИК ЗАПИСИ
Страна российская федерация
Организация NLR
Правила каталогизации PSBO
852 ## - МЕСТОНАХОЖДЕНИЕ И ШИФР ХРАНЕНИЯ
Идентификатор организации NLR
Шифр хранения (Call Number) П11/1753
942 ## - ДОПОЛНИТЕЛЬНЫЕ ЭЛЕМЕНТЫ ЗАПИСИ (АБИС)
Тип экземпляра АБИС Выпуск
980 ## - КОЛЛЕКЦИЯ
Название коллекции Национальная библиография
980 ## - КОЛЛЕКЦИЯ
Название коллекции Русская периодика

Нет доступных экземпляров.